00417nam a22001577a 450000500170000000800410001704000070005804100120006508200210007710000250009824500440012326000430016765000160021070000160022670000170024220230310102624.0230115b ||||| |||| 00| 0 eng d cAL aEnglish 223a519/13bGUPF aS C Gupta and others aFundamentals of Mathematical Statistics aNew DelhibSultan Chand And Sonsc1995 aMathematics aGUPTA (S C) aKAPOOR (V K)